Design Thinking (Record no. 13018)

MARC details
000 -LEADER
fixed length control field 00372nam a2200169 4500
003 - CONTROL NUMBER IDENTIFIER
control field OSt
008 - FIXED-LENGTH DATA ELEMENTS--GENERAL INFORMATION
fixed length control field 250124b |||||||| |||| 00| 0 eng d
020 ## - INTERNATIONAL STANDARD BOOK NUMBER
International Standard Book Number 9789353509019
082 ## - DEWEY DECIMAL CLASSIFICATION NUMBER
Classification number 658.4 AGD
100 ## - MAIN ENTRY--PERSONAL NAME
Personal name AGARWAL, Anuja
245 ## - TITLE STATEMENT
Title Design Thinking
250 ## - EDITION STATEMENT
Edition statement 2nd
260 ## - PUBLICATION, DISTRIBUTION, ETC. (IMPRINT)
Name of publisher, distributor, etc Cengage Learning
Date of publication, distribution, etc 2024
300 ## - PHYSICAL DESCRIPTION
Extent Misc
650 ## - SUBJECT ADDED ENTRY--TOPICAL TERM
Topical term or geographic name as entry element CSE AIDS
942 ## - ADDED ENTRY ELEMENTS (KOHA)
Source of classification or shelving scheme Dewey Decimal Classification
Koha item type Text Books
Holdings
Withdrawn status Lost status Source of classification or shelving scheme Damaged status Not for loan Collection code Home library Current library Date acquired Source of acquisition Currency Cost, normal purchase price Bill Number Total Checkouts Full call number Acc. no. / Barcode Date last seen Actual Cost, discounted price Bill Date Koha item type Public note Date last borrowed
    Dewey Decimal Classification     Computer Science and Engineering in AI & Data Science PIET C-LIBRARY PIET C-LIBRARY 30/09/2024 MK Books INR 799.00 IN6   658.4 AGD 38598 24/01/2025 591.25 30/09/2024 Reference Books Decentralization  
    Dewey Decimal Classification     MCA PIET C-LIBRARY PIET C-LIBRARY 28/03/2025 Zaffa Books INR 525.00 ZBD0590 1 658.4 AGD 38959 10/01/2026 378.00 28/03/2025 Text Books   17/04/2025
    Dewey Decimal Classification     MCA PIET C-LIBRARY PIET C-LIBRARY 28/03/2025 Zaffa Books INR 525.00 ZBD0590 2 658.4 AGD 38960 12/05/2025 378.00 28/03/2025 Text Books   01/05/2025
    Dewey Decimal Classification     MCA PIET C-LIBRARY PIET C-LIBRARY 28/03/2025 Zaffa Books INR 525.00 ZBD0590 1 658.4 AGD 38961 29/04/2025 378.00 28/03/2025 Text Books   17/04/2025
    Dewey Decimal Classification     MCA PIET C-LIBRARY PIET C-LIBRARY 28/03/2025 Zaffa Books INR 525.00 ZBD0590   658.4 AGD 38962 02/04/2025 378.00 28/03/2025 Text Books    
    Dewey Decimal Classification     MCA PIET C-LIBRARY PIET C-LIBRARY 28/03/2025 Zaffa Books INR 525.00 ZBD0590 1 658.4 AGD 38963 29/04/2025 378.00 28/03/2025 Text Books   17/04/2025

Design & Developed by: PIET Central Library
R70 Miles Stone Pattikalyana Samalkha Panipat 132102
mail ID :- [email protected], Phone No:- 0180-2569700 Ex.216